00211nam a2200085 a 4500008004100000050001500041100002200056245003800078350000900116120416s9999 xx |||||||||||||| || u aTD 657 Ste aStephenson, David10aStormwater hydrology and drainage a0.00